[Event "JAGI"]
[Site "SchemingMind.com"]
[Date "2023.02.07"]
[Round "-"]
[White "Derek Price"]
[Black "Steven DuCharme"]
[Result "1-0"]
[WhiteCountry "ENG"]
[BlackCountry "USA"]
[WhiteElo "2358"]
[WhiteRD "61"]
[BlackElo "1515"]
[BlackRD "67"]
[GameID "731109"]

1. c4 Nf6 2. g3 c6 3. Bg2 d5 4. Qc2 e6 5. Nf3 Be7 6. O-O O-O 7. d4 dxc4 8. Qxc4 b5 9. Qc2 Bb7 10. Nc3 Nbd7
11. Rd1 Rc8 12. Ne5 Nxe5 13. dxe5 Nd5 14. Ne4 Qc7 15. Nd6 Bxd6 16. exd6 Qd7 17. Qc5 Rfd8 18. e4 Nf6 19. Bg5 Re8 20. Bxf6 gxf6
21. e5 Ra8 22. exf6
1-0

[Event "JAGI"]
[Site "SchemingMind.com"]
[Date "2023.02.07"]
[Round "-"]
[White "Phillip Beckett"]
[Black "Steven DuCharme"]
[Result "1-0"]
[WhiteCountry "ENG"]
[BlackCountry "USA"]
[WhiteElo "1434"]
[WhiteRD "55"]
[BlackElo "1514"]
[BlackRD "69"]
[GameID "731110"]

1. d4 d5 2. e3 Nf6 3. Bd3 g6 4. Nd2 Bg7 5. f4 Bg4 6. Ngf3 O-O 7. O-O Nbd7 8. Qe1 c5 9. c3 c4 10. Bc2 b5
11. Ne5 Rc8 12. h3 Be6 13. e4 Nxe5 14. fxe5 Ne8 15. exd5 Bxd5 16. Be4 e6 17. Bxd5 Qxd5 18. Qe4 a5 19. Qxd5 exd5 20. Nf3 h6
21. Bd2 Nc7 22. Nh2 Ne6 23. Ng4 Kh7 24. Nf6+ Bxf6 25. Rxf6 Rb8 26. Raf1 Rb7 27. Rxe6
1-0

[Event "JAGI"]
[Site "SchemingMind.com"]
[Date "2023.02.07"]
[Round "-"]
[White "kenneth m day"]
[Black "Steven DuCharme"]
[Result "1-0"]
[WhiteCountry "USA"]
[BlackCountry "USA"]
[WhiteElo "1628"]
[WhiteRD "56"]
[BlackElo "1515"]
[BlackRD "67"]
[GameID "731111"]

1. e4 d6 2. d4 Nf6 3. Nc3 a6 4. Nf3 e6 5. Bd3 Be7 6. h3 O-O 7. Be3 b6 8. Qd2 Bb7 9. O-O-O Nbd7 10. g4 Kh8
11. Rdg1 Rg8 12. h4 Nf8 13. h5 Qd7 14. g5 Ne8 15. h6 g6 16. Rh2 Bc6 17. Nh4
1-0

[Event "JAGI"]
[Site "SchemingMind.com"]
[Date "2023.02.07"]
[Round "-"]
[White "Chessibelle"]
[Black "Steven DuCharme"]
[Result "0-1"]
[WhiteCountry "ENG"]
[BlackCountry "USA"]
[WhiteElo "1160"]
[WhiteRD "54"]
[BlackElo "1514"]
[BlackRD "69"]
[GameID "731112"]

1. Nf3 Nf6 2. h3 h5 3. e3 g6 4. Be2 Bg7 5. d4 b6 6. O-O Bb7 7. b3 d6 8. Bb2 Ne4 9. Bd3 Nd7 10. Nbd2 Ndf6
11. c3 a6 12. Nh2 Qd7 13. Qf3 Nxd2 14. Qxb7 O-O 15. Rfd1 Rfb8 16. Qe4 Ndxe4 17. f3 Ng3 18. e4 Nh7 19. Kf2 h4 20. Ng4 b5
21. Re1 c5 22. e5 cxd4 23. cxd4 a5 24. Rab1 dxe5 25. Be4 Nxe4+ 26. fxe4 exd4 27. e5 b4 28. Rbc1 a4 29. Kg1 axb3 30. axb3 Ra2
31. Ba1 Qd5 32. Rc7 Qxg2#
0-1

[Event "JAGI"]
[Site "SchemingMind.com"]
[Date "2023.02.08"]
[Round "-"]
[White "Steven DuCharme"]
[Black "JAHI"]
[Result "0-1"]
[WhiteCountry "USA"]
[BlackCountry "INT"]
[WhiteElo "1514"]
[WhiteRD "69"]
[BlackElo "2174"]
[BlackRD "67"]
[GameID "731113"]

1. g3 h6 2. Bg2 h5 3. d4 h4 4. gxh4 Rxh4 5. Nf3 Rh8 6. O-O d6 7. Ng5 f6 8. Nf3 Bh3 9. Qd3 Qd7 10. e4 Bxg2
11. Kxg2 Qh3+ 12. Kg1 e6 13. Bf4 g6 14. Ne1 Nc6 15. Qxh3 Rxh3 16. Kg2 Rh4 17. Nd3 Nxd4 18. Na3 e5 19. Bg3 Rxe4 20. Rfe1 Rxe1
21. Rxe1 Bg7 22. c3 Ne6 23. f4 Ne7 24. fxe5 dxe5 25. Nc4 Rd8 26. Nb4 Nf5 27. Re2 Kf7 28. Rd2 Ne3+ 29. Nxe3 Rxd2+ 30. Kf3 f5
0-1

[Event "JAGI"]
[Site "SchemingMind.com"]
[Date "2023.02.08"]
[Round "-"]
[White "Steven DuCharme"]
[Black "Laci"]
[Result "1-0"]
[WhiteCountry "USA"]
[BlackCountry "HUN"]
[WhiteElo "1442"]
[WhiteRD "66"]
[BlackElo "1856"]
[BlackRD "98"]
[GameID "731115"]

1. e4 e5 2. Nf3 Nc6 3. d4 exd4 4. Nxd4 Bc5 5. Nb3 Bb6 6. Nc3 d6 7. Be2 Nf6 8. O-O h6 9. Kh1 O-O 10. Be3 Bxe3
11. fxe3 Re8 12. Bf3 a6 13. a3 Ne5 14. Be2 b6 15. Nd2 Bb7 16. b3 b5 17. Qe1 c5 18. Rd1 Re6 19. Bf3
1-0

[Event "JAGI"]
[Site "SchemingMind.com"]
[Date "2023.02.08"]
[Round "-"]
[White "Steven DuCharme"]
[Black "DMark4"]
[Result "1-0"]
[WhiteCountry "USA"]
[BlackCountry "SCO"]
[WhiteElo "1481"]
[WhiteRD "60"]
[BlackElo "1258"]
[BlackRD "112"]
[GameID "731116"]

1. d4 Nf6 2. g3 c6 3. Bg2 d5 4. Nf3 Bf5 5. O-O h6 6. Re1 Nbd7 7. Nbd2 e6 8. Nf1 Bd6 9. a3 O-O 10. Ne3 Bh7
11. c4 Ne4 12. c5 Bc7 13. Bd2 Ndf6 14. b4 Nxd2 15. Nxd2 e5 16. Nb3 e4 17. h3 Nh5 18. Nf1 f5 19. e3
1-0

[Event "JAGI"]
[Site "SchemingMind.com"]
[Date "2023.02.08"]
[Round "-"]
[White "Matrix64"]
[Black "Steven DuCharme"]
[Result "1-0"]
[WhiteCountry "USA"]
[BlackCountry "USA"]
[WhiteElo "1658"]
[WhiteRD "179"]
[BlackElo "1515"]
[BlackRD "67"]
[GameID "731117"]

1. e4 d6 2. d4 Nf6 3. Nc3 a6 4. h3 b6 5. Nf3 Bb7 6. Bd3 Nbd7 7. O-O g6 8. Re1 Bg7 9. Bf4 O-O 10. e5 dxe5
11. dxe5 Nh5 12. Bh2 e6 13. g4
1-0

[Event "JAGI"]
[Site "SchemingMind.com"]
[Date "2023.02.07"]
[Round "-"]
[White "Derek Price"]
[Black "kenneth m day"]
[Result "1-0"]
[WhiteCountry "ENG"]
[BlackCountry "USA"]
[WhiteElo "2364"]
[WhiteRD "72"]
[BlackElo "1682"]
[BlackRD "62"]
[GameID "731118"]

1. c4 Nf6 2. g3 c6 3. Bg2 e6 4. Nf3 d5 5. b3 Be7 6. O-O O-O 7. Bb2 Nbd7 8. d3 Re8 9. Nbd2 b6 10. e4 dxe4
11. dxe4 Bb7 12. Qe2 Bd6 13. e5 Bxe5 14. Nxe5 Nxe5 15. Bxe5 Nd7 16. Bc3 Nc5 17. Ne4 Nxe4 18. Bxe4 Qc7 19. Rad1 e5 20. Qc2 g6
21. Rfe1 Rad8 22. Bg2 f6 23. Rxd8 Rxd8 24. Qe4 Kg7 25. f4 Rd7 26. fxe5 fxe5 27. Bxe5+
1-0

[Event "JAGI"]
[Site "SchemingMind.com"]
[Date "2023.02.08"]
[Round "-"]
[White "JAHI"]
[Black "Derek Price"]
[Result "0-1"]
[WhiteCountry "INT"]
[BlackCountry "ENG"]
[WhiteElo "2174"]
[WhiteRD "76"]
[BlackElo "2405"]
[BlackRD "74"]
[GameID "731119"]

1. f3 d5 2. f4 g6 3. g3 Bg7 4. Bg2 Nf6 5. Kf1 O-O 6. d3 Re8 7. Nc3 a6 8. e3 e5 9. h3 exf4 10. exf4 b5
11. g4 c5 12. f5 Ra7 13. Bf3 b4 14. Nce2 Nc6 15. g5 Nd7 16. f6 Bf8 17. Bxd5 Nde5 18. Be4 c4 19. Rh2 Ng4 20. hxg4 Rxe4
21. Bf4 Rd7 22. Qc1 cxd3 23. cxd3 Re6 24. Rh3 Ne5 25. Bxe5 Rxe5 26. Nf3 Rc5 27. Qe3 Rxd3 28. Qe4 Qd7 29. Ned4 Qxg4 30. Qxg4 Bxg4
31. Rg3 Bxf3 32. Nxf3 Rc2 33. Ne1 Rxg3 34. Nxc2 Rxg5 35. a3 Rf5+ 36. Kg2 bxa3 37. Nxa3 Rxf6 38. Nc4 Re6 39. b3 Kg7 40. Ra5 Be7
41. Kf3 h5 42. Ne3 Bd8 43. Rd5 Bb6 44. Nc4 Bc7 45. Rc5 Bd6 46. Rd5 Be7 47. Ra5 f6 48. Ne3 Kf7 49. Ra4 Rc6 50. Nd5 g5
51. Ne3 Bd6 52. Ke4 Bc7 53. b4 Kg6 54. Nd5 Bd6 55. Ne3 Bf8 56. Kd5 Rd6+ 57. Ke4 h4 58. Kf3 Rc6 59. Ra1 Bxb4 60. Ke4 a5
61. Rf1 Re6+ 62. Kd3 Rxe3+ 63. Kxe3 f5 64. Rh1 a4 65. Rc1 a3 66. Rc4 a2 67. Rc6+ Kh5 68. Ra6 h3 69. Rxa2 Bd6 70. Ra1 g4
71. Rh1 Kh4 72. Rd1 f4+ 73. Ke4 Bb8 74. Rd2 Kg3 75. Rd8 h2 76. Rd1 Kh3 77. Rc1 f3 78. Ke3 Bg3 79. Ke4 Kg2 80. Kf5 h1=Q
81. Rxh1 Kxh1 82. Ke4 f2 83. Kd4 f1=Q 84. Kd5 Qb5+ 85. Ke6 Qe5+ 86. Kf7 Bh4 87. Kg6 Qf6+ 88. Kh7 Bg3 89. Kg8 Qg6+ 90. Kh8 Be5#
0-1

[Event "JAGI"]
[Site "SchemingMind.com"]
[Date "2023.02.12"]
[Round "-"]
[White "MazetaFighter"]
[Black "Steven DuCharme"]
[Result "1-0"]
[WhiteCountry "GRE"]
[BlackCountry "USA"]
[WhiteElo "2002"]
[WhiteRD "82"]
[BlackElo "1514"]
[BlackRD "69"]
[GameID "731120"]

1. e4 d6 2. d4 Nf6 3. Nc3 g6 4. f3 Bg7 5. Be3 O-O 6. Qd2 Nbd7 7. h4 Nh5 8. Nge2 e5 9. g4 Nhf6 10. O-O-O exd4
11. Nxd4 Re8 12. h5 Nf8 13. Bh6 Ne6 14. Bxg7 Kxg7 15. hxg6 fxg6 16. Qh6+
1-0

[Event "JAGI"]
[Site "SchemingMind.com"]
[Date "2023.02.07"]
[Round "-"]
[White "Derek Price"]
[Black "MazetaFighter"]
[Result "1-0"]
[WhiteCountry "ENG"]
[BlackCountry "GRE"]
[WhiteElo "2400"]
[WhiteRD "72"]
[BlackElo "2005"]
[BlackRD "81"]
[GameID "731121"]

1. c4 Nf6 2. g3 c6 3. Bg2 d5 4. Qc2 e5 5. d3 h6 6. Nf3 Bd6 7. O-O O-O 8. Nc3 d4 9. Ne4 Nxe4 10. dxe4 a5
11. c5 Bc7 12. e3 d3 13. Qc3 Re8 14. Rd1 Na6 15. b3 Qe7 16. Ba3 Nb4 17. Bxb4 axb4 18. Qxb4 Ra5 19. Rxd3 Qxc5 20. Qd2 Ra8
21. b4 Qe7 22. a3 Be6 23. Qb2 f6 24. Rc1 Red8 25. Rxd8+ Rxd8 26. Bf1 Qf7 27. Be2 Kh8 28. Nd2 Qd7 29. Nb3 Bxb3 30. Qxb3 Qd2
31. Rc2 Qe1+ 32. Kg2 Rd2 33. Rxd2 Qxd2 34. Bg4 Qd8 35. Qf7
1-0

[Event "JAGI"]
[Site "SchemingMind.com"]
[Date "2023.02.07"]
[Round "-"]
[White "Phillip Beckett"]
[Black "MazetaFighter"]
[Result "0-1"]
[WhiteCountry "ENG"]
[BlackCountry "GRE"]
[WhiteElo "1467"]
[WhiteRD "58"]
[BlackElo "1992"]
[BlackRD "89"]
[GameID "731122"]

1. d4 d5 2. e3 Nf6 3. Bd3 c5 4. c3 Nc6 5. f4 Bg4 6. Nf3 e6 7. O-O Bd6 8. Qe1 Bf5 9. Bxf5 exf5 10. Ne5 O-O
11. Nd2 Ne4 12. Nxe4 fxe4 13. Qg3 f6 14. Ng4 Ne7 15. Nh6+ Kh8 16. Ng4 Nf5 17. Qf2 h5 18. h3 hxg4 19. Bd2 gxh3 20. gxh3 Qe8
21. Qg2 Nh4 22. Qg4 Qg6 23. Qxg6 Nxg6 24. Kf2 Nh4 25. Rg1 Nf3 26. Rgd1 Kg8 27. Ke2 Kf7
0-1

[Event "JAGI"]
[Site "SchemingMind.com"]
[Date "2023.02.12"]
[Round "-"]
[White "MazetaFighter"]
[Black "malcolm chugg"]
[Result "1-0"]
[WhiteCountry "GRE"]
[BlackCountry "WLS"]
[WhiteElo "2002"]
[WhiteRD "82"]
[BlackElo "1157"]
[BlackRD "51"]
[GameID "731123"]

1. e4 e5 2. Nf3 d6 3. d4 Bd7 4. dxe5 Qe7 5. Bg5 f6 6. exf6 Qf7 7. fxg7 Bxg7 8. c3 h6 9. Bh4 Bg4 10. Be2 Bxf3
11. Bxf3 Nc6 12. Bh5 Qxh5 13. Qxh5+ Kd7 14. Qf7+ Kc8 15. Qe8+ Nd8 16. Qxd8#
1-0

[Event "JAGI"]
[Site "SchemingMind.com"]
[Date "2023.02.07"]
[Round "-"]
[White "kenneth m day"]
[Black "MazetaFighter"]
[Result "0-1"]
[WhiteCountry "USA"]
[BlackCountry "GRE"]
[WhiteElo "1682"]
[WhiteRD "62"]
[BlackElo "2017"]
[BlackRD "80"]
[GameID "731124"]

1. e4 e5 2. Nf3 Nc6 3. c3 d5 4. Qa4 f6 5. exd5 Qxd5 6. Be2 Bd7 7. O-O Nd4 8. Qd1 Nxe2+ 9. Qxe2 Bb5 10. Qe3 Bxf1
11. Kxf1 Ne7 12. d3 Nc6 13. Nbd2 O-O-O 14. d4 exd4 15. Nxd4 Nxd4 16. cxd4 Qxd4 17. Qe6+ Qd7 18. Qxd7+ Rxd7 19. Nf3 Bc5 20. Be3 Bxe3
21. fxe3 Rhd8 22. Ke1 b6 23. Rc1 Kb7 24. Ke2 c5 25. g3 g5 26. h3 h5 27. g4 h4 28. Ke1 Kc6 29. Ke2 b5 30. Ke1 Re8
31. Ke2 Rde7 32. Rc3 b4 33. Rd3 c4 34. Rd2 Rxe3+ 35. Kf2 a5 36. Nd4+ Kc5 37. Nf3 c3 38. bxc3 bxc3 39. Rc2 Kc4
0-1

[Event "JAGI"]
[Site "SchemingMind.com"]
[Date "2023.02.07"]
[Round "-"]
[White "Chessibelle"]
[Black "MazetaFighter"]
[Result "0-1"]
[WhiteCountry "ENG"]
[BlackCountry "GRE"]
[WhiteElo "1160"]
[WhiteRD "56"]
[BlackElo "1992"]
[BlackRD "89"]
[GameID "731125"]

1. Nf3 d5 2. d4 Nf6 3. g3 Bf5 4. e3 e6 5. Bd2 Be7 6. Bb5+ c6 7. Be2 O-O 8. O-O Nbd7 9. b3 Qc7 10. Nc3 Bd6
11. Na4 Bh3 12. Re1 Ne4 13. Bc1 b5 14. Nb2 Bb4 15. Nd2 Nc3 16. f4 Nxd1 17. Bxd1 Bc3 18. Re2 Nf6 19. Rb1 Bg4 20. Rf2 Bxb2
21. Bxb2 Bxd1 22. Rxd1 a5 23. h3 b4 24. Nf3 Ne4 25. Rh2 Nxg3 26. h4 a4 27. c3 axb3 28. Ra1 Rxa2 29. Ne5 bxc3 30. Bxc3 Rfa8
31. Rb2 Rxa1+ 32. Kf2 Ne4+
0-1

[Event "JAGI"]
[Site "SchemingMind.com"]
[Date "2023.02.12"]
[Round "-"]
[White "MazetaFighter"]
[Black "JAHI"]
[Result "1/2-1/2"]
[WhiteCountry "GRE"]
[BlackCountry "INT"]
[WhiteElo "2136"]
[WhiteRD "82"]
[BlackElo "2161"]
[BlackRD "78"]
[GameID "731127"]

1. e4 a6 2. d4 a5 3. Nf3 Na6 4. c3 d6 5. Bd3 g6 6. O-O Bg7 7. Bg5 Kf8 8. Na3 h6 9. Be3 Bg4 10. h3 Bxf3
11. Qxf3 c6 12. Bc4 Nf6 13. e5 Nd5 14. Bxd5 cxd5 15. e6 Bf6= 16. Qxd5 Nc7 17. Qxb7 Rb8 18. Qe4 d5 19. Qc2 Nxe6 20. Qd2 g5
21. Rab1 Ng7 22. Nc2 Nf5 23. b3 e6 24. Ne1 Kg7 25. Nd3 Rc8 26. a3 Qd6 27. b4 axb4 28. axb4 Bd8 29. Ne5 f6 30. Nd3 Nxe3
31. Qxe3 Rxc3 32. Rfc1 Rxc1+ 33. Rxc1 Re8 34. b5 Qb6 35. Rc5 Be7 36. Rc6 Qxb5 37. Rxe6 Kf7 38. f4 Bd6 39. f5= Qd7 40. Rxe8 Qxe8
41. Kf2 Qxe3+ 42. Kxe3 h5 43. g4 h4 44. Nc5 Ke7 45. Ne6 Kd7 46. Kd3 Kc6 47. Kc3 Kb5 48. Kb3 Kb6 49. Kc3 Kc6 50. Kb3 Be7
51. Kc3 Ba3 52. Kb3 Bd6 53. Kc3 Kb5 54. Kb3 Kb6 55. Kc3 Be7 56. Kb3 Kc6 57. Kc3 Bd6 58. Nd8+ Kd7 59. Ne6= Bg3 60. Nc5+ Ke7
61. Ne6 Be1+ 62. Kd3 Kd6 63. Nf8 Ba5 64. Ne6 Bb6 65. Kc3 Ba5+ 66. Kd3 Kc6 67. Kc2 Kb5 68. Kb3 Kc6 69. Kc2 Kd7 70. Kd3 Kc6
1/2-1/2

[Event "JAGI"]
[Site "SchemingMind.com"]
[Date "2023.02.07"]
[Round "-"]
[White "Megabulles"]
[Black "MazetaFighter"]
[Result "1/2-1/2"]
[WhiteCountry "GER"]
[BlackCountry "GRE"]
[WhiteElo "2195"]
[WhiteRD "74"]
[BlackElo "1992"]
[BlackRD "89"]
[GameID "731131"]

1. d4 Nf6 2. Nf3 e6 3. e3 c5 4. Bd3 b6 5. O-O Bb7 6. c4 cxd4 7. exd4 d5 8. Nc3 Be7 9. cxd5 Nxd5 10. Ne5 O-O
11. Qg4 f5 12. Qe2 Bf6 13. Bc4 a6 14. Bb3 Re8 15. Nxd5 Bxd5 16. Bxd5 Qxd5 17. Rd1 Nc6 18. Nxc6 Qxc6 19. Bf4 Red8 20. Be5=
1/2-1/2

[Event "JAGI"]
[Site "SchemingMind.com"]
[Date "2023.02.08"]
[Round "-"]
[White "Matrix64"]
[Black "MazetaFighter"]
[Result "0-1"]
[WhiteCountry "USA"]
[BlackCountry "GRE"]
[WhiteElo "1662"]
[WhiteRD "136"]
[BlackElo "2002"]
[BlackRD "82"]
[GameID "731132"]

1. d4 d5 2. c4 e6 3. Nc3 Nf6 4. Bg5 Nbd7 5. e3 c6 6. Nf3 Qa5 7. Nd2 dxc4 8. Bxf6 Nxf6 9. Nxc4 Qc7 10. Be2 Be7
11. O-O O-O 12. Rc1 Rd8 13. Qb3 Bd7 14. Rfd1 Be8 15. Bf3 Rab8 16. e4 b5 17. Ne3 Qb6 18. Ne2 c5 19. Qc3 b4 20. dxc5 bxc3
21. cxb6 cxb2 22. Rb1 Rxb6 23. Rxd8 Bxd8 24. Nc4 Rb4 25. Rxb2 Rxc4 26. Rb8 Bc7 27. Ra8 Rb4 28. g4 Kf8 29. g5 Nxe4 30. Ng3 Nxg3
31. hxg3 Bb8 32. a4 Ke7 33. a5 Kd6 34. a6 Bc6
0-1

[Event "JAGI"]
[Site "SchemingMind.com"]
[Date "2023.02.08"]
[Round "-"]
[White "Phillip Beckett"]
[Black "Derek Price"]
[Result "0-1"]
[WhiteCountry "ENG"]
[BlackCountry "ENG"]
[WhiteElo "1467"]
[WhiteRD "58"]
[BlackElo "2358"]
[BlackRD "61"]
[GameID "731133"]

1. d4 d5 2. e3 Nf6 3. Bd3 e6 4. Nd2 Nbd7 5. f4 c5 6. c3 b6 7. Ngf3 Bb7 8. O-O Be7 9. Ne5 O-O 10. Qe1 Rc8
11. Nxd7 Qxd7 12. Kh1 a5 13. Qg3 b5 14. f5 b4 15. cxb4 c4 16. fxe6 fxe6 17. Bb1 axb4 18. Nf3 Bd6 19. Ng5 Bxg3 20. hxg3 h6
21. Nh3 Qc7 22. Bg6 Qxg3
0-1

[Event "JAGI"]
[Site "SchemingMind.com"]
[Date "2023.02.07"]
[Round "-"]
[White "Phillip Beckett"]
[Black "kenneth m day"]
[Result "0-1"]
[WhiteCountry "ENG"]
[BlackCountry "USA"]
[WhiteElo "1434"]
[WhiteRD "55"]
[BlackElo "1679"]
[BlackRD "60"]
[GameID "731134"]

1. d4 d5 2. e3 Nf6 3. Bd3 c5 4. c3 Nc6 5. f4 Bg4 6. Nf3 e6 7. O-O Be7 8. Qe1 O-O 9. Ne5 cxd4 10. exd4 Bh5
11. h3 Bg6 12. Nxg6 fxg6 13. Nd2 Qd6 14. Nf3 Nh5 15. Ne5 Qd8 16. g4 Bh4 17. Qe3 Nf6 18. Nxc6 bxc6 19. Qxe6+ Kh8 20. f5 gxf5
21. Qxf5 h6 22. g5 Bxg5 23. Bxg5 hxg5 24. Qg6 Ne4 25. Bxe4 dxe4 26. Rf7 Rxf7 27. Qxf7 Qf6 28. Qh5+ Kg8 29. Rf1 Qh6 30. Qf7+ Kh7
31. Qf5+ Qg6 32. Qg4 Re8 33. Rf5 e3 34. Rxg5 Qf7 35. Rh5+ Kg8 36. Qh4 Qg6+ 37. Rg5 Qb1+ 38. Kh2 Qxb2+ 39. Rg2 Qb7 40. Qh6 Re7
41. Qg5 e2
0-1

[Event "JAGI"]
[Site "SchemingMind.com"]
[Date "2023.02.07"]
[Round "-"]
[White "JAHI"]
[Black "Phillip Beckett"]
[Result "1-0"]
[WhiteCountry "INT"]
[BlackCountry "ENG"]
[WhiteElo "2174"]
[WhiteRD "67"]
[BlackElo "1434"]
[BlackRD "55"]
[GameID "731135"]

1. f3 e5 2. g3 d5 3. Bg2 Nc6 4. Kf1 Nf6 5. f4 Bd6 6. d3 exf4 7. gxf4 Ng4 8. h3 Nf6 9. Nc3 O-O 10. Bxd5 Nxd5
11. Nxd5 Nd4 12. e3 Ne6 13. f5 Ng5 14. h4 c6 15. Nc3 Bxf5 16. hxg5 Qd7 17. Qf3 Bg6 18. Qh3 Qxh3+ 19. Nxh3 f6 20. Kg2 fxg5
21. Nxg5 h6 22. Ne6 Rfe8 23. Nf4 Bxf4 24. exf4 b5 25. Kf3 b4 26. Ne4
1-0

[Event "JAGI"]
[Site "SchemingMind.com"]
[Date "2023.02.07"]
[Round "-"]
[White "Laci"]
[Black "Phillip Beckett"]
[Result "0-1"]
[WhiteCountry "HUN"]
[BlackCountry "ENG"]
[WhiteElo "1856"]
[WhiteRD "98"]
[BlackElo "1468"]
[BlackRD "57"]
[GameID "731136"]

1. e4 e5 2. Nf3 Nc6 3. d4 exd4 4. c3 d3 5. Bxd3 d6 6. h3 Nf6 7. O-O Be7 8. Re1 O-O 9. Be3 Be6 10. Nbd2 Ne5
11. Bc2 Nxf3+ 12. Nxf3 h6 13. Qe2 Nh7 14. Nd4 Bd7 15. Rad1 Ng5 16. e5 dxe5 17. Bxg5 Bxg5 18. Nb3 Qe7 19. Qd3 g6
0-1

[Event "JAGI"]
[Site "SchemingMind.com"]
[Date "2023.02.07"]
[Round "-"]
[White "malcolm chugg"]
[Black "Steven DuCharme"]
[Result "0-1"]
[WhiteCountry "WLS"]
[BlackCountry "USA"]
[WhiteElo "1200"]
[WhiteRD "51"]
[BlackElo "1515"]
[BlackRD "67"]
[GameID "731137"]

1. e3 e5 2. d4 exd4 3. exd4 Nf6 4. c4 Bb4+ 5. Bd2 Qe7+ 6. Be2 O-O 7. a3 Bxd2+ 8. Qxd2 Re8 9. Nc3 Ne4 10. Qc2 Nxc3
11. Qxc3 d6 12. O-O-O Bf5 13. g4 Qg5+
0-1

[Event "JAGI"]
[Site "SchemingMind.com"]
[Date "2023.02.07"]
[Round "-"]
[White "Derek Price"]
[Black "malcolm chugg"]
[Result "1-0"]
[WhiteCountry "ENG"]
[BlackCountry "WLS"]
[WhiteElo "2358"]
[WhiteRD "61"]
[BlackElo "1200"]
[BlackRD "51"]
[GameID "731138"]

1. c4 c5 2. Nf3 d6 3. Nc3 Bg4 4. e3 Qd7 5. h3 Bf5 6. d4 Nf6 7. g4 Bg6 8. Nh4 Be4 9. Nxe4 Nxe4 10. Bg2 Nf6
11. g5 Ng8 12. dxc5 dxc5 13. Qxd7+ Nxd7 14. Bxb7 Rb8 15. Bc6 Rd8 16. Bd2 f6 17. Ba5 Rc8 18. Ba4 g6 19. O-O-O fxg5 20. Bxd7+ Kf7
21. Bxc8 Nf6 22. Nf3 e6 23. Nxg5+ Ke7 24. Bd8+ Ke8 25. Bxf6 Rg8 26. Bd7#
1-0

[Event "JAGI"]
[Site "SchemingMind.com"]
[Date "2023.02.07"]
[Round "-"]
[White "Phillip Beckett"]
[Black "malcolm chugg"]
[Result "0-1"]
[WhiteCountry "ENG"]
[BlackCountry "WLS"]
[WhiteElo "1467"]
[WhiteRD "58"]
[BlackElo "1200"]
[BlackRD "51"]
[GameID "731139"]

1. e4 e5 2. Nf3 d6 3. d4 Nc6 4. dxe5 dxe5 5. Qxd8+ Kxd8 6. Bb5 f6 7. O-O Nge7 8. Be3 a6 9. Nc3 axb5 10. Rad1+ Bd7
11. Nd5 h5 12. Nxe7 Bxe7 13. c3 Bd6 14. a3 Na5 15. Nh4 Be8 16. Nf5 Ra6 17. Nxd6 Rxd6 18. Rxd6+ cxd6 19. Rd1 Kd7 20. f4 Bg6
21. f5 Bf7 22. Rd2 Nc4 23. Re2 d5 24. exd5 Kd6 25. b3 Nxe3 26. Rxe3 Kxd5 27. Rd3+ Kc6 28. h3 Bxb3 29. Rg3 Rh7 30. Rd3 Bc4
31. Rd2 Rh6
0-1

[Event "JAGI"]
[Site "SchemingMind.com"]
[Date "2023.02.07"]
[Round "-"]
[White "kenneth m day"]
[Black "malcolm chugg"]
[Result "1-0"]
[WhiteCountry "USA"]
[BlackCountry "WLS"]
[WhiteElo "1679"]
[WhiteRD "60"]
[BlackElo "1157"]
[BlackRD "51"]
[GameID "731140"]

1. e4 e6 2. d4 c5 3. Nf3 Be7 4. Bf4 Nc6 5. dxc5 Bxc5 6. Nc3 Qb6 7. Be3 Bxe3 8. fxe3 Qxe3+ 9. Qe2 Qxe2+ 10. Bxe2 Nf6
11. O-O-O a6 12. Rhf1 O-O 13. e5 Ne8 14. Bd3 h6 15. g4 f6 16. exf6 gxf6 17. Nh4 Ne7 18. Ne4 d5 19. Ng3 e5 20. h3 e4
21. Be2 Be6 22. Rh1 b5 23. Rhf1 b4 24. Nhf5 Kh7 25. Nxe7 Rf7 26. Nxd5 Bxd5 27. Rxd5 a5 28. Nf5 Ng7 29. Nxg7 Kxg7 30. Rfd1 Raa7
31. R1d4 Rfe7 32. Kd2 e3+ 33. Kd3 Kg6 34. Re4 Rad7 35. Rxd7 Rxd7+ 36. Kxe3 Kg5 37. Rd4 Rc7 38. Bd3 Kh4 39. Rd6 Rf7 40. Rd5 Kxh3
41. Bf5 Kg3 42. Rxa5 Re7+ 43. Kd2 Kf2 44. Rd5 Re2+ 45. Kd3 Re3+ 46. Kc4 b3 47. axb3 Rf3 48. b4 h5 49. gxh5 Rf4+ 50. Kc5 Rh4
51. Bg6 Ke3 52. b5 Kf4 53. Rd4+ Kg3 54. Rxh4 Kxh4 55. b6
1-0

[Event "JAGI"]
[Site "SchemingMind.com"]
[Date "2023.02.08"]
[Round "-"]
[White "Chessibelle"]
[Black "malcolm chugg"]
[Result "1-0"]
[WhiteCountry "ENG"]
[BlackCountry "WLS"]
[WhiteElo "1160"]
[WhiteRD "56"]
[BlackElo "1200"]
[BlackRD "51"]
[GameID "731141"]

1. Nf3 Nf6 2. d4 e6 3. Bd2 Ne4 4. Be3 f5 5. g3 d5 6. b3 Bb4+ 7. Nfd2 Bd7 8. Qc1 h6 9. c3 Bd6 10. f4 Qe7
11. Bg2 Nf6 12. c4 c6 13. a3 Ng4 14. Nf3 b6 15. O-O b5 16. c5 Bc7 17. b4 g5 18. Qc2 Nxe3 19. Qc3 Nxf1 20. Bxf1 gxf4
21. Bg2 fxg3 22. h3 Na6 23. Nbd2 O-O-O 24. Qb3 e5 25. a4 e4 26. Ne1 Bf4 27. Nf1 Qg5 28. axb5 Nc7 29. Qa4 Nxb5 30. Nc2 Nc3
31. Qa6+ Kc7 32. Qxa7+ Kc8 33. Qa6+ Kc7 34. Qb6+
1-0

[Event "JAGI"]
[Site "SchemingMind.com"]
[Date "2023.02.07"]
[Round "-"]
[White "malcolm chugg"]
[Black "JAHI"]
[Result "0-1"]
[WhiteCountry "WLS"]
[BlackCountry "INT"]
[WhiteElo "1200"]
[WhiteRD "51"]
[BlackElo "2168"]
[BlackRD "68"]
[GameID "731142"]

1. e3 a6 2. d4 d6 3. Bc4 d5 4. Bb3 g6 5. Nc3 c6 6. Bd2 Bg7 7. Bc1 Kf8 8. Nge2 a5 9. a4 Na6 10. e4 Nc7
11. Bg5 f6 12. Be3 Be6 13. Nf4 Bf7 14. e5 fxe5 15. Nfe2 exd4 16. Bxd4 Ne6 17. O-O Qc7 18. Qd3 Nf6 19. f3 Nxd4 20. Nxd4 Qb6
21. Ne2 c5 22. Nb5 c4+
0-1

[Event "JAGI"]
[Site "SchemingMind.com"]
[Date "2023.02.07"]
[Round "-"]
[White "malcolm chugg"]
[Black "Laci"]
[Result "0-1"]
[WhiteCountry "WLS"]
[BlackCountry "HUN"]
[WhiteElo "1200"]
[WhiteRD "51"]
[BlackElo "2318"]
[BlackRD "116"]
[GameID "731144"]

1. e3 e5 2. Bc4 d5 3. Be2 c5 4. d3 Nf6 5. f3 Bd6 6. f4 exf4 7. exf4 Nc6 8. Bd2 c4 9. Nf3 Qb6 10. Qc1 O-O
11. Be3 d4 12. Bf2 Re8 13. O-O Rxe2 14. dxc4 Ng4 15. h3 Nxf2 16. Rxf2 d3 17. Qf1 Rxf2 18. Qxf2 Bc5
0-1

[Event "JAGI"]
[Site "SchemingMind.com"]
[Date "2023.02.07"]
[Round "-"]
[White "malcolm chugg"]
[Black "DMark4"]
[Result "0-1"]
[WhiteCountry "WLS"]
[BlackCountry "SCO"]
[WhiteElo "1200"]
[WhiteRD "51"]
[BlackElo "1319"]
[BlackRD "113"]
[GameID "731145"]

1. e3 c5 2. f4 g6 3. d4 Bg7 4. Nf3 cxd4 5. exd4 Nc6 6. Bb5 Qa5+ 7. Qd2 Qxb5 8. Nc3 Qb4 9. Nd5 Qxd2+ 10. Bxd2 Kd8
11. O-O-O d6 12. Ng5 Nh6 13. Bc3 f6 14. Nf3 Ng4 15. Be1 e6 16. Nc3 a6 17. a3 b5 18. d5 Na5 19. Bh4 Nc4 20. Rhe1 Nge3
21. Rd3 Nxg2 22. Rg1 Nxf4 23. Rd4 e5 24. Rdd1 Bb7 25. Bg3 Nh5 26. Kb1 Nxg3 27. hxg3 Rc8 28. Rge1 Nxa3+ 29. bxa3 Rxc3 30. Rd3 Rxd3
31. cxd3 Bxd5 32. Nd2 Kd7 33. Nf1 Bh6 34. Kc2 Rc8+ 35. Kb2 Be6 36. Nh2 d5 37. Kb3 d4+ 38. Kb2 Rc3 39. Rd1 Rb3+ 40. Kc2 Rxa3
41. Nf3 Bb3+ 42. Kb2 Bxd1 43. Kxa3 Bxf3
0-1